|
|
|
|
| LEADER |
04111nam a22004213i 4500 |
| 001 |
EBC5589945 |
| 003 |
MiAaPQ |
| 005 |
20231204023214.0 |
| 006 |
m o d | |
| 007 |
cr cnu|||||||| |
| 008 |
231204s2015 xx o ||||0 eng d |
| 020 |
|
|
|a 9781137600899
|q (electronic bk.)
|
| 020 |
|
|
|z 9781137600882
|
| 035 |
|
|
|a (MiAaPQ)EBC5589945
|
| 035 |
|
|
|a (Au-PeEL)EBL5589945
|
| 035 |
|
|
|a (OCoLC)1066406397
|
| 040 |
|
|
|a MiAaPQ
|b eng
|e rda
|e pn
|c MiAaPQ
|d MiAaPQ
|
| 050 |
|
4 |
|a DA1-995
|
| 082 |
0 |
|
|a 364.609034
|
| 100 |
1 |
|
|a Tarlow, Sarah.
|
| 245 |
1 |
4 |
|a The Golden and Ghoulish Age of the Gibbet in Britain.
|
| 250 |
|
|
|a 1st ed.
|
| 264 |
|
1 |
|a London :
|b Palgrave Macmillan UK,
|c 2015.
|
| 264 |
|
4 |
|c Ã2017.
|
| 300 |
|
|
|a 1 online resource (163 pages)
|
| 336 |
|
|
|a text
|b txt
|2 rdacontent
|
| 337 |
|
|
|a computer
|b c
|2 rdamedia
|
| 338 |
|
|
|a online resource
|b cr
|2 rdacarrier
|
| 490 |
1 |
|
|a Palgrave Historical Studies in the Criminal Corpse and Its Afterlife Series
|
| 505 |
0 |
|
|a Intro -- Acknowledgements -- Contents -- List of Figures -- List of Maps -- List of Tables -- Chapter 1 Some Further Terror and Peculiar Mark of Infamy -- Abstract -- Tom Otter -- Post-mortem Punishment -- Hanging in Chains Before the Murder Act -- The Murder Act -- Other Post-mortem Punishments: From Customary Sanction to the Full Force of the Law -- Crimes Other Than Murder: Treason -- Crimes Other Than Murder: Suicide -- Thinking About Gibbets: The Historiography of Hanging in Chains -- Who Was Hung in Chains? -- Smugglers -- Interpreting the Murder Act: Dissection or Hanging in Chains? -- The Rise and Fall of the Gibbet -- Some Common Misconceptions -- Myth 1: Gibbeting Is the Same as Execution by Hanging -- Myth 2: Gibbeting Involves Leaving People to Die in an Iron Cage -- Myth 3: There Were Traditional Gibbeting Sites -- Myth 4: Gibbets Were Occupied by a Series of Bodies -- Chapter 2 How to Hang in Chains: How, Where and When Eighteenth-Century Sheriffs Organised a Gibbeting -- Abstract -- The Process -- From the Scaffold to the Gibbet -- Locating a Gibbet: The Macro-Geography of Gibbeting -- The Micro-Geography of Gibbeting -- Hanging at the Scene of Crime -- Gibbets in the Landscape -- Out of the Ordinary -- Exception 1: London -- Exception 2: The Admiralty Courts and Maritime Crimes -- Liminality: The Symbolic Location of Gibbets -- Technology of the Gibbet -- Extant Gibbets -- The Necessary Functions of a Gibbet -- Gibbet Technology and the Absence of Tradition -- The 'Carnival' of the Gibbet -- The Curative Power of the Gibbeted Man -- Chapter 3 The Afterlife of the Gibbet -- Abstract -- How Long Did the Gibbet Remain? -- When and Why Did a Gibbet Come Down? -- Theft of Bodies from Gibbets -- Weather -- Enclosure and Convenience -- Gibbet Lore -- The Material Afterlives of the Gibbet -- Bodies and Body Parts: Eugene Aram.
|
| 505 |
8 |
|
|a Phrenology at the 1838 British Association Meeting -- Chapter 4 Conclusions: Why Gibbet Anyone? -- Abstract -- The Costs of Gibbeting -- The Murder Act: An Anachronism? -- The Disappearance of the Body -- Hanging in Chains as Deterrent, Retribution or Social Revenge -- The Body in Chains -- Criminal Tales and Narrative Persons -- Conclusions: Hanging in Chains -- The Power of Hanging in Chains -- Appendix 1: All Cases of Hanging in Chains -- Appendix 2: Maps, 1752-1834 -- Concept Index -- Historical Publications Index -- Name Index -- Place Index.
|
| 588 |
|
|
|a Description based on publisher supplied metadata and other sources.
|
| 590 |
|
|
|a Electronic reproduction. Ann Arbor, Michigan : ProQuest Ebook Central, 2023. Available via World Wide Web. Access may be limited to ProQuest Ebook Central affiliated libraries.
|
| 655 |
|
4 |
|a Electronic books.
|
| 776 |
0 |
8 |
|i Print version:
|a Tarlow, Sarah
|t The Golden and Ghoulish Age of the Gibbet in Britain
|d London : Palgrave Macmillan UK,c2015
|z 9781137600882
|
| 797 |
2 |
|
|a ProQuest (Firm)
|
| 830 |
|
0 |
|a Palgrave Historical Studies in the Criminal Corpse and Its Afterlife Series
|
| 856 |
4 |
0 |
|u https://ebookcentral.proquest.com/lib/matrademy/detail.action?docID=5589945
|z Click to View
|